Challenges to democracy in India /
Lectures delivered at Nehru Centre, Mumbai, between Nov. 2005 and Feb. 2007.
| Corporate Author: | |
|---|---|
| Other Authors: | |
| Format: | Book |
| Language: | English |
| Published: |
New Delhi ; New York :
Oxford University Press,
2009.
|
| Subjects: | |
| Online Access: | Contributor biographical information Publisher description Table of contents only |
MARC
| Tag | First Indicator | Second Indicator | Subfields |
|---|---|---|---|
| LEADER | 00000cam a2200000 a 4500 | ||
| 001 | in00002478421 | ||
| 005 | 20151111040658.0 | ||
| 008 | 090128s2009 ii g b 000 0 eng c | ||
| 010 | |a 2009341549 | ||
| 020 | |a 0195698533 | ||
| 020 | |a 9780195698534 | ||
| 029 | 1 | |a AU@ |b 000044106819 | |
| 029 | 1 | |a BWX |b R8782227 | |
| 035 | |a (OCoLC)ocn301889276 | ||
| 035 | |a (OCoLC)301889276 | ||
| 037 | |b Library of Congress -- New Delhi Overseas Office |c Rs595.00 | ||
| 040 | |a DKAGE |b eng |c DKAGE |d YDXCP |d BTCTA |d DLC |d OCLCQ |d BWX |d TJC |d UtOrBLW | ||
| 042 | |a pcc | ||
| 043 | |a a-ii--- | ||
| 049 | |a TXAM | ||
| 050 | 4 | |a JQ281 |b .C475 2009 | |
| 082 | 0 | 4 | |a 320.454 |2 22 |
| 245 | 0 | 0 | |a Challenges to democracy in India / |c edited by Rajesh M. Basrur. |
| 264 | 1 | |a New Delhi ; |a New York : |b Oxford University Press, |c 2009. | |
| 300 | |a x, 299 pages ; |c 24 cm. | ||
| 336 | |a text |b txt |2 rdacontent | ||
| 337 | |a unmediated |b n |2 rdamedia | ||
| 338 | |a volume |b nc |2 rdacarrier | ||
| 504 | |a Includes bibliographical references. | ||
| 505 | 0 | |a Foreword / Sharad Pawar -- Introduction / Rajesh M. Basrur -- Some thoughts on Nehru's vision / Fali S. Nariman -- Two discourses on democracy in India / Valerian Rodrígues -- The state of Indian democracy / Pratap Bhanu Mehta -- Indian democracy : a critique / Upendra Baxi -- The judiciary and Indian democracy / Rafique Dada -- The bureaucracy and India's democracy / Abid Husain -- Organized crime, corruption, and democracy / Jayaprakash Narayan -- Indian democracy and social inequalities / Zoya Hasan -- Social movements and democracy : the challenge of the anti-caste movement / Gail Omvedt -- Adivasis, Naxalites, and democracy / Ramachandra Guha -- Terrorism, security, and Indian democracy / V.R. Raghavan -- Education and democracy / Krishna Kumar -- Marketization of the economy and democracy / Dilip M. Nachane -- The mirror crack'd from side to side-- : are we becoming a majoritarian society? / Suhas Palshikar -- Deepening the culture of democracy in India / Neera Chandhoke. | |
| 520 | |a Lectures delivered at Nehru Centre, Mumbai, between Nov. 2005 and Feb. 2007. | ||
| 650 | 0 | |a Democracy |z India. | |
| 651 | 0 | |a India |x Politics and government. | |
| 650 | 0 | |a Social problems |z India. | |
| 700 | 1 | |a Basrur, Rajesh M. | |
| 710 | 2 | |a Nehru Centre. | |
| 856 | 4 | 2 | |3 Contributor biographical information |u http://www.loc.gov/catdir/enhancements/fy0907/2009341549-b.html |t 0 |
| 856 | 4 | 2 | |3 Publisher description |u http://www.loc.gov/catdir/enhancements/fy0907/2009341549-d.html |t 0 |
| 856 | 4 | 1 | |3 Table of contents only |u http://www.loc.gov/catdir/enhancements/fy0909/2009341549-t.html |t 0 |
| 938 | |a D.K. Agencies (P) Ltd. |b DKAP |n DK-192239-HBD | ||
| 938 | |a YBP Library Services |b YANK |n 2968016 | ||
| 938 | |a Baker and Taylor |b BTCP |n BK0008215709 | ||
| 938 | |a Blackwell Book Service |b BBUS |n R8782227 |c $59.95 | ||
| 945 | |a PromptCat |b 730380 | ||
| 946 | |a stk | ||
| 947 | |a A14840116440 | ||
| 994 | |a C0 |b TXA | ||
| 948 | |a cataloged |b h |c 2009/6/29 |d c |e nbehmer |f 3:00:23 pm | ||
| 999 | |a MARS | ||
| 999 | f | f | |s 82296900-10cf-3300-9680-de81d7a93b9e |i 3b79e146-34c0-3f2e-8f77-1dcf1674192e |t 0 |
| 952 | f | f | |p ric |a Texas A&M University |b Rellis Campus |c Joint Library Facility |d Remote Storage |t 0 |e JQ281 .C475 2009 |h Library of Congress classification |i unmediated -- volume |m A14840116440 |
| 998 | f | f | |a JQ281 .C475 2009 |t 0 |l Remote Storage |